000 00432nam a2200181Ia 4500
001 24465
005 20260414151045.0
008 260414t2011||||xx |||||||||||||| ||spa||
041 _aESP
082 _a345.7
_bT22
100 _aTaruffo, Michele
_eAUT
245 0 _aLa motivación de la sentencia civil
_b
260 _c2011
300 _a414 pƔginas :
_c23 cm.
650 _aDER
654 _aCDE
942 _cLIB
_dJUS
_fJUS
_2ddc
_n
999 _c24465
_d24465